000 00438nam a2200169Ia 4500
999 _c28818
_d28818
003 OSt
005 20250602171444.0
008 250310s9999||||xx |||||||||||||| ||und||
020 _a81-219-0651-2
040 _c.
082 _a620.1
_bK459
100 _915
_aKhurmi, R. S.
245 0 _aA Text book of engineering mechanics /
_cR.S. Khurmi.
260 _aNew Delhi:
_bS.Chand & company ltd,
_c1994.
300 _a840 p.
942 _cBK
_2ddc